| 000 | 01971nam a2200481 i 4500 | ||
|---|---|---|---|
| 001 | 53543 | ||
| 003 | FINmELB | ||
| 005 | 20241216232501.0 | ||
| 006 | m o u | ||
| 007 | cr cn||||||||| | ||
| 008 | 191211s2013 sp a ob 001 0 spa d | ||
| 020 |
_a9788499408460 _q(e-book) |
||
| 020 | _z9788497429627 | ||
| 035 | _a(OCoLC)1134694601 | ||
| 040 |
_aFINmELB _bspa _erda _cFINmELB |
||
| 043 | _ae-sp--- | ||
| 050 | 0 | 0 |
_aP95.82.S7 _bP74 2013 |
| 080 | _a316.772.5 | ||
| 082 | 0 | 0 |
_a302.230946 _223 |
| 245 | 0 | 0 |
_aPrensa y democracia : _blos medios de comunicación en la transición / _cRafael Quirosa-Cheyrouze y Muñoz (ed.). |
| 264 | 1 |
_aMadrid : _bBiblioteca Nueva, _c2013. |
|
| 300 |
_a1 recurso en línea (416 páginas) : _bilustraciones |
||
| 336 |
_atexto _btxt _2rdacontent/spa |
||
| 337 |
_acomputadora _bc _2rdamedia/spa |
||
| 338 |
_arecurso en línea _bcr _2rdacarrier/spa |
||
| 500 | _aEnsayos recopilados. | ||
| 504 | _aIncluye referencias bibliográficas e índice. | ||
| 588 | _aDescripción basada en metadatos suministrados por el editor y otras fuentes. | ||
| 590 | _aRecurso electrónico. Santa Fe, Arg.: elibro, 2019. Disponible vía World Wide Web. El acceso puede estar limitado para las bibliotecas afiliadas a elibro. | ||
| 650 | 0 |
_aMass media _xPolitical aspects _zSpain _xHistory _y20th century. |
|
| 650 | 0 |
_aDemocratization _zSpain _xHistory _y20th century. |
|
| 650 | 0 |
_aPress and politics _zSpain _xHistory _y20th century. |
|
| 650 | 4 |
_aMedios de comunicación _xAspectos políticos _zEspaña _ySiglo XX. |
|
| 650 | 4 |
_aDemocratización _zEspaña _xHistoria _ySiglo XX. |
|
| 650 | 4 | _aPrensa y politica. | |
| 651 | 0 |
_aSpain _xPolitics and government _y1975-1982. |
|
| 655 | 4 | _aLibros electrónicos. | |
| 700 | 1 |
_aQuirosa-Cheyrouze y Muñoz, Rafael, _d1962- |
|
| 797 | 2 | _aelibro, Corp. | |
| 856 | 4 | 0 | _uhttps://elibro.net/ereader/politecnicointernacional/113033 |
| 999 |
_c53543 _d53543 |
||